000 01487nam a2200289 i 4500
003 DO-SdBNP
005 20240305130643.0
006 a||||gr|||| 00| 0
007 ta
008 230614t2022 dr ahc||r|||| 00| 0dspa d
020 _a9789945182927
040 _aDO-SdBNP
_bspa
_cBNPHU
_erda
082 4 _222
_bR426d
245 0 0 _aRepública Dominicana:
_bel difícil camino de la democracia, 1960 - 2000, (documentos, proclamas y discursos políticos). /
_cEditor, Alejandro Paulino Ramos
264 4 _aSanto Domingo :
_bSoto Castillo,
_c2022
300 _a657 páginas :
_bIlustraciones, facsímil, láminas, retratos ;
_c24 cm
336 _2rdaconten
_atexto
_btxt
337 _2rdamedia
_asin medición
_bn
338 _2rdacarrier
_avolumen
_bnc
500 _aIncluye datos biográficos del autor en las solapas de las cubiertas
500 _aIncluye galería de fotos
504 _aBibliografía: página 627
505 _aPresentación.
_gCapítulo I: 1960 -1962.
_tCaminando a la democracia.--
_gCapítulo II: 1963 -1965.
_tLuchando por la democracia.--
_gCapítulo III: 1965 - 1966.
_tDefendiendo la democracia.--
_gCapítulo VI: 1966 -1978.
_tTotalitarismo contra libertades públicas.--
_gCapítulo V: 1978 -1986.
_tLa democracia Restringida.--
_gCapítulo VI: 1986 -1996.
_tLa vuelta al régimen autoritario.--
_gCapítulo VII: 1966 - 2000.
_tDemocracia con apoyo autoritario.
590 _aInventariado 2023 / MF
700 1 _aPaulino Ramos, Alejandro,
_d1951-
_9325
942 _2ddc
_cLBS1
999 _c53826
_d53826